UM Logo

Models for writers : (Record no. 8078)

MARC details
000 -LEADER
fixed length control field 00653nam a2200193 4500
008 - FIXED-LENGTH DATA ELEMENTS--GENERAL INFORMATION
fixed length control field 171212b xxu||||| |||| 00| 0 eng d
020 ## - INTERNATIONAL STANDARD BOOK NUMBER
International Standard Book Number 0312153104
082 ## - DEWEY DECIMAL CLASSIFICATION NUMBER
Edition number 1998
Classification number DC 808.4
Item number M72
245 ## - TITLE STATEMENT
Title Models for writers :
Remainder of title short essays for composition /
Statement of responsibility, etc. edited by Alfred Rosa, Paul Eschholz.
250 ## - EDITION STATEMENT
Edition statement Sixth edition.
260 ## - PUBLICATION, DISTRIBUTION, ETC. (IMPRINT)
Place of publication, distribution, etc. New York :
Name of publisher, distributor, etc. St. Martin's Press,
Date of publication, distribution, etc. ©1992.
300 ## - PHYSICAL DESCRIPTION
Extent xx,556 pages ;
Dimensions 21 cm.
500 ## - GENERAL NOTE
General note Includes index.
650 #0 - SUBJECT ADDED ENTRY--TOPICAL TERM
9 (RLIN) 24960
Topical term or geographic name as entry element College readers.
650 #0 - SUBJECT ADDED ENTRY--TOPICAL TERM
9 (RLIN) 24962
Topical term or geographic name as entry element English language
General subdivision Rhetoric.
700 ## - ADDED ENTRY--PERSONAL NAME
9 (RLIN) 24965
Personal name Rosa, Alfred F., editor.
700 ## - ADDED ENTRY--PERSONAL NAME
9 (RLIN) 24964
Personal name Eschholz, Paul A., editor.
942 ## - ADDED ENTRY ELEMENTS (KOHA)
Source of classification or shelving scheme Dewey Decimal Classification
Koha item type Circulation
Holdings
Withdrawn status Lost status Source of classification or shelving scheme Damaged status Not for loan Collection code Home library Current library Date acquired Source of acquisition Total Checkouts Full call number Barcode Date last seen Copy number Price effective from Koha item type Shelving location Date last checked out
    Dewey Decimal Classification     Circulation UM Digos College - LIC UM Digos College - LIC 09/15/2003 Donated   DC 808.4 M72 1998 15876 05/15/2025 4 12/12/2017 Circulation    
    Dewey Decimal Classification     Circulation UM Digos College - LIC UM Digos College - LIC 09/15/2003 Donated   DC 808.4 M72 1998 15901 05/15/2025 5 12/12/2017 Circulation    
    Dewey Decimal Classification     Circulation UM Digos College - LIC UM Digos College - LIC 09/15/2003 Donated   DC 808.4 M72 1998 15441 05/15/2025 3 12/12/2017 Circulation    
    Dewey Decimal Classification     Circulation UM Digos College - LIC UM Digos College - LIC 09/15/2003 Donated 1 DC 808.4 M72 1998 15439 05/15/2025 1 12/12/2017 Circulation Book Cart 02/19/2019
    Dewey Decimal Classification     Circulation UM Digos College - LIC UM Digos College - LIC 09/15/2003 Donated   DC 808.4 M72 1998 15440 05/15/2025 2 12/12/2017 Circulation